000 00477nmm a2200169Ia 4500
008 251105s9999||||xx |||||||||||||||||und||
020 _a9788482550848
041 _aspa
100 _aHernández, José Ángel
245 0 _aUcronía e hilván
264 _a[Madrid, España] :
_bLibros de la Frontera,
_c2009
300 _a89 páginas
490 _aEl Bardo. 4ª etapa
650 _aSpanish poetry
856 _uhttps://public.digitaliapublishing.com/a/9013
942 _cCF
999 _c86037
_d86037